000 01188nam a2200253 a 4500
001 78890
003 BD-RjUL
005 20211209083203.0
008 211125s20212020bg ||||| |||| 00| 0 ben d
020 _a9789848043479
_c: Tk. 1000.00
035 _a(BD-RjUL)79117
040 _aBD-RjUL
_beng
_cBD-RjUL
041 _aben
082 _223
_a891.443
_bGAL 2021
245 1 0 _aবঙ্গবন্ধুর গল্প /
_cসম্পাদনা আবুল কালাম আজাদ, হামিদুল আলম সখা
260 _aঢাকা :
_bরাফাত পাবলিকেশন্স,
_c২০২০ [মুদ্রণ ২০২১]
600 _aমুজিবুর রহমান ,
_cশেখ
_d১৯২০-১৯৭৫
_9250577
600 _aMujibur Rahman,
_cSheikh
_d1920-1975
_9250578
650 _aবাংলা গল্প (মুক্তিযুদ্ধ ও রাজনৈতিক গল্প )
_9250575
650 _aBengali story (Liberation war and political story)
_9250570
700 _aআজাদ, আবুল কালাম
_9250579
700 _aসখা,হামিদুল আলম
_9250572
942 _2ddc
_cBK
999 _c78890
_d78890